000 00281nam a22001217a 4500
999 _c152819
_d152819
082 _a
_b
100 _aHenry Cousens
245 _aIndian historical researches (v.52)/
_cby Henry Cousens.
260 _aNew Delhi:
_bCosmo,
_c1917.
300 _a155p.
650 _a
942 _cBK